000 00682cam a2200181 a 4500
020 _a0385265840 :
_c$10.00 ($13.00 Canada)
050 0 0 _aQA39.2
_b.S684 1990
100 1 _aSperling, Abraham Paul,
_d1912-
245 1 0 _aMathematics made simple /
_cAbraham Sperling and Monroe Stuart ; edited and prepared for publication by the Stonesong Press, Inc.
250 _a5th ed. /
_brevised by Christine M. Peckaitis.
260 _aNew York :
_bMade Simple Books,
_c1991.
300 _a272 p. :
500 _aIncludes index.
700 1 _aStuart, Monroe.
700 1 _aPeckaitis, Christine M.
856 4 2 _uhttp://www.loc.gov/catdir/description/random0413/89049249.html
942 _2lcc
_cGEN
999 _c9911
_d9911